Charaktere von Avatar Herr der Elemente - Statistiken

Allgemein
  • Dieses Quiz wurde 494 mal gespielt
  • Das Durchschnittsergebnis liegt bei 11 aus 15
Antwortstatistiken
Bändigungsfähigkeit Person % Korrekt
Alle Aang
99%
Wasser Katara
92%
Feuer Prinz Zuko
92%
Erde Toph
91%
Feuer Prinzessin Azula
85%
- Sokka
84%
Feuer Iroh
76%
Alle Roku
74%
Feuer Feuerlord Ozai
73%
- Suki
57%
Erde König Bumi
56%
Luft Appa
55%
- Mai
52%
Luft Momo
49%
- Ty Lee
45%
Keine übereinstimmenden Quizze gefunden
Verteilung der Resultate
Anzahl Personen mit jedem Resultat
Perzentil nach korrekt beantworteten Fragen
Ihre Resultats-Entwicklung
Sie haben dieses Quiz noch nicht gespielt